| 000 | 00653cam a2200181 4500 | ||
|---|---|---|---|
| 001 | J885 | ||
| 008 | 090401t1971 xxu||||| |||| 00| 0 eng d | ||
| 035 | _a(Sirsi) u20120 | ||
| 041 | _aeng | ||
| 100 | _aHumphris, Norman W. | ||
| 245 | _aMarine planning: its incorporation into town and country planning | ||
| 260 |
_aLymington, Hants. _bThe author _c1971 |
||
| 300 | _a(26)p. : ill. ; 30cm. | ||
| 350 | _a0 | ||
| 520 | _aAssociation of Rural District Council Surveyors` scholarship report including a reprint of Marine Planning by Norman W. Humphris from Surveyor Local Government Technology, 19 February 1971. | ||
| 942 | _n0 | ||
| 948 | _c04/03/1997 | ||
| 999 |
_c87759 _d87759 |
||